INT - 1 dział P - charakterystyka świateł - Statystyki

Ogólne statystyki
  • Ten quiz został rozwiązany 4 razy
  • Średni wynik to 15 z 28
Statystyki odpowiedzi
Skrót Rozwinięcie % Poprawnych
VQ Bardzo szybko migające
100%
VQ(3) Bardzo szybko migające grupowe
100%
Fl Błyskowe
100%
Fl(3) Błyskowe grupowe
100%
Iso Izofazowe
100%
Q Migające
100%
Q(3) Migające grupowe
100%
Oc Przerywane
100%
Oc(2) Przerywane grupowe
100%
F Stałe
100%
UQ Ultraszybko migające
100%
IVQ Bardzo szybko migające przerywane
50%
W Białe
50%
Fl(2+1) Błyskowe złożone
50%
IQ Migające przerywane
50%
Bu Niebieski
50%
Oc(2+3) Przerywane złożone
50%
IUQ Ultraszybko migające przerywane
50%
Am Bursztynowy
0%
R Czerwony
0%
LFl Długie błyskowe
0%
Vi Fioletowy
0%
Mo(K) Kodowe Morse'a
0%
Or Pomarańczowy
0%
FFl Rozbłyskowe
0%
G Zielony
0%
Al.WR Zmiennobarwne
0%
Y Żółty
0%
Nie znaleziono quizów pasujących do podanych kryteriów
Rozkład punktacji
Procent ludzi z każdym wynikiem
Percentyl według liczby udzielonych odpowiedzi
Twoja historia wyników
Nie rozwiązałeś tego quizu